<?xml version="1.0" encoding="UTF-8"?>
<record
    xmlns:xsi="http://www.w3.org/2001/XMLSchema-instance"
    xsi:schemaLocation="http://www.loc.gov/MARC21/slim http://www.loc.gov/standards/marcxml/schema/MARC21slim.xsd"
    xmlns="http://www.loc.gov/MARC21/slim">

  <leader>00342nam a2200145Ia 4500</leader>
  <controlfield tag="008">150201s1985    xx            000 0 und d</controlfield>
  <datafield tag="082" ind1=" " ind2=" ">
    <subfield code="a">610</subfield>
    <subfield code="b">M1985S</subfield>
  </datafield>
  <datafield tag="100" ind1=" " ind2=" ">
    <subfield code="a">SEARS, W GORDAN</subfield>
  </datafield>
  <datafield tag="245" ind1=" " ind2=" ">
    <subfield code="a">MEDICINE FOR NURSES</subfield>
  </datafield>
  <datafield tag="250" ind1=" " ind2=" ">
    <subfield code="a">13TH</subfield>
  </datafield>
  <datafield tag="260" ind1=" " ind2=" ">
    <subfield code="b">ARNOLD PUBLICATION</subfield>
    <subfield code="a">DELHI</subfield>
    <subfield code="c">1985</subfield>
  </datafield>
  <datafield tag="300" ind1=" " ind2=" ">
    <subfield code="a">1-600</subfield>
  </datafield>
  <datafield tag="650" ind1=" " ind2=" ">
    <subfield code="a">MEDICINE</subfield>
  </datafield>
  <datafield tag="942" ind1=" " ind2=" ">
    <subfield code="2">ddc</subfield>
    <subfield code="c">BK</subfield>
  </datafield>
  <datafield tag="952" ind1=" " ind2=" ">
    <subfield code="0">0</subfield>
    <subfield code="1">0</subfield>
    <subfield code="2">ddc</subfield>
    <subfield code="4">0</subfield>
    <subfield code="7">0</subfield>
    <subfield code="a">FD</subfield>
    <subfield code="b">FD</subfield>
    <subfield code="d">2008-06-10</subfield>
    <subfield code="e">U.B.S.DELHI</subfield>
    <subfield code="g">75.00</subfield>
    <subfield code="h">1</subfield>
    <subfield code="i">SGTU</subfield>
    <subfield code="l">0</subfield>
    <subfield code="o">610 M1985S</subfield>
    <subfield code="p">FD5406</subfield>
    <subfield code="r">2015-02-09 00:00:00</subfield>
    <subfield code="w">2013-02-05</subfield>
    <subfield code="y">BK</subfield>
    <subfield code="k">1023</subfield>
  </datafield>
  <datafield tag="952" ind1=" " ind2=" ">
    <subfield code="0">0</subfield>
    <subfield code="1">0</subfield>
    <subfield code="2">ddc</subfield>
    <subfield code="4">0</subfield>
    <subfield code="7">0</subfield>
    <subfield code="a">FD</subfield>
    <subfield code="b">FD</subfield>
    <subfield code="d">2008-06-10</subfield>
    <subfield code="e">U.B.S.DELHI</subfield>
    <subfield code="g">75.00</subfield>
    <subfield code="h">1</subfield>
    <subfield code="i">SGTU</subfield>
    <subfield code="l">0</subfield>
    <subfield code="o">610 M1985S</subfield>
    <subfield code="p">FD5407</subfield>
    <subfield code="r">2015-02-09 00:00:00</subfield>
    <subfield code="w">2013-02-05</subfield>
    <subfield code="y">BK</subfield>
    <subfield code="k">1023</subfield>
  </datafield>
  <datafield tag="952" ind1=" " ind2=" ">
    <subfield code="0">0</subfield>
    <subfield code="1">0</subfield>
    <subfield code="2">ddc</subfield>
    <subfield code="4">0</subfield>
    <subfield code="7">0</subfield>
    <subfield code="a">FD</subfield>
    <subfield code="b">FD</subfield>
    <subfield code="d">2008-06-10</subfield>
    <subfield code="e">U.B.S.DELHI</subfield>
    <subfield code="g">75.00</subfield>
    <subfield code="h">1</subfield>
    <subfield code="i">SGTU</subfield>
    <subfield code="l">0</subfield>
    <subfield code="o">610 M1985S</subfield>
    <subfield code="p">FD5408</subfield>
    <subfield code="r">2015-02-09 00:00:00</subfield>
    <subfield code="w">2013-02-05</subfield>
    <subfield code="y">BK</subfield>
    <subfield code="k">1023</subfield>
  </datafield>
  <datafield tag="952" ind1=" " ind2=" ">
    <subfield code="0">0</subfield>
    <subfield code="1">0</subfield>
    <subfield code="2">ddc</subfield>
    <subfield code="4">0</subfield>
    <subfield code="7">0</subfield>
    <subfield code="a">FD</subfield>
    <subfield code="b">FD</subfield>
    <subfield code="d">2008-06-10</subfield>
    <subfield code="e">U.B.S.DELHI</subfield>
    <subfield code="g">75.00</subfield>
    <subfield code="h">1</subfield>
    <subfield code="i">SGTU</subfield>
    <subfield code="l">0</subfield>
    <subfield code="o">610 M1985S</subfield>
    <subfield code="p">FD5409</subfield>
    <subfield code="r">2015-02-09 00:00:00</subfield>
    <subfield code="w">2013-02-05</subfield>
    <subfield code="y">BK</subfield>
    <subfield code="k">1023</subfield>
  </datafield>
  <datafield tag="952" ind1=" " ind2=" ">
    <subfield code="0">0</subfield>
    <subfield code="1">0</subfield>
    <subfield code="2">ddc</subfield>
    <subfield code="4">0</subfield>
    <subfield code="7">0</subfield>
    <subfield code="a">FD</subfield>
    <subfield code="b">FD</subfield>
    <subfield code="d">2008-06-10</subfield>
    <subfield code="e">U.B.S.DELHI</subfield>
    <subfield code="g">75.00</subfield>
    <subfield code="h">1</subfield>
    <subfield code="i">SGTU</subfield>
    <subfield code="l">0</subfield>
    <subfield code="o">610 M1985S</subfield>
    <subfield code="p">FD5410</subfield>
    <subfield code="r">2015-02-09 00:00:00</subfield>
    <subfield code="w">2013-02-05</subfield>
    <subfield code="y">BK</subfield>
    <subfield code="k">1023</subfield>
  </datafield>
  <datafield tag="952" ind1=" " ind2=" ">
    <subfield code="0">0</subfield>
    <subfield code="1">0</subfield>
    <subfield code="2">ddc</subfield>
    <subfield code="4">0</subfield>
    <subfield code="7">0</subfield>
    <subfield code="a">FD</subfield>
    <subfield code="b">FD</subfield>
    <subfield code="d">2008-06-10</subfield>
    <subfield code="e">U.B.S.DELHI</subfield>
    <subfield code="g">75.00</subfield>
    <subfield code="h">1</subfield>
    <subfield code="i">SGTU</subfield>
    <subfield code="l">0</subfield>
    <subfield code="o">610 M1985S</subfield>
    <subfield code="p">FD5411</subfield>
    <subfield code="r">2015-02-09 00:00:00</subfield>
    <subfield code="w">2013-02-05</subfield>
    <subfield code="y">BK</subfield>
    <subfield code="k">1023</subfield>
  </datafield>
  <datafield tag="952" ind1=" " ind2=" ">
    <subfield code="0">0</subfield>
    <subfield code="1">0</subfield>
    <subfield code="2">ddc</subfield>
    <subfield code="4">0</subfield>
    <subfield code="7">0</subfield>
    <subfield code="a">FD</subfield>
    <subfield code="b">FD</subfield>
    <subfield code="d">2008-06-10</subfield>
    <subfield code="e">U.B.S.DELHI</subfield>
    <subfield code="g">75.00</subfield>
    <subfield code="h">1</subfield>
    <subfield code="i">SGTU</subfield>
    <subfield code="l">0</subfield>
    <subfield code="o">610 M1985S</subfield>
    <subfield code="p">FD5412</subfield>
    <subfield code="r">2015-02-09 00:00:00</subfield>
    <subfield code="w">2013-02-05</subfield>
    <subfield code="y">BK</subfield>
    <subfield code="k">1023</subfield>
  </datafield>
  <datafield tag="952" ind1=" " ind2=" ">
    <subfield code="0">0</subfield>
    <subfield code="1">0</subfield>
    <subfield code="2">ddc</subfield>
    <subfield code="4">0</subfield>
    <subfield code="7">0</subfield>
    <subfield code="a">FD</subfield>
    <subfield code="b">FD</subfield>
    <subfield code="d">2008-06-10</subfield>
    <subfield code="e">U.B.S.DELHI</subfield>
    <subfield code="g">75.00</subfield>
    <subfield code="h">1</subfield>
    <subfield code="i">SGTU</subfield>
    <subfield code="l">0</subfield>
    <subfield code="o">610 M1985S</subfield>
    <subfield code="p">FD5413</subfield>
    <subfield code="r">2015-02-09 00:00:00</subfield>
    <subfield code="w">2013-02-05</subfield>
    <subfield code="y">BK</subfield>
    <subfield code="k">1023</subfield>
  </datafield>
  <datafield tag="952" ind1=" " ind2=" ">
    <subfield code="0">0</subfield>
    <subfield code="1">0</subfield>
    <subfield code="2">ddc</subfield>
    <subfield code="4">0</subfield>
    <subfield code="7">0</subfield>
    <subfield code="a">FD</subfield>
    <subfield code="b">FD</subfield>
    <subfield code="d">2008-06-10</subfield>
    <subfield code="e">U.B.S.DELHI</subfield>
    <subfield code="g">75.00</subfield>
    <subfield code="h">1</subfield>
    <subfield code="i">SGTU</subfield>
    <subfield code="l">0</subfield>
    <subfield code="o">610 M1985S</subfield>
    <subfield code="p">FD5414</subfield>
    <subfield code="r">2015-02-09 00:00:00</subfield>
    <subfield code="w">2013-02-05</subfield>
    <subfield code="y">BK</subfield>
    <subfield code="k">1023</subfield>
  </datafield>
  <datafield tag="952" ind1=" " ind2=" ">
    <subfield code="0">0</subfield>
    <subfield code="1">0</subfield>
    <subfield code="2">ddc</subfield>
    <subfield code="4">0</subfield>
    <subfield code="7">0</subfield>
    <subfield code="a">FD</subfield>
    <subfield code="b">FD</subfield>
    <subfield code="d">2008-06-10</subfield>
    <subfield code="e">U.B.S.DELHI</subfield>
    <subfield code="g">75.00</subfield>
    <subfield code="h">1</subfield>
    <subfield code="i">SGTU</subfield>
    <subfield code="l">0</subfield>
    <subfield code="o">610 M1985S</subfield>
    <subfield code="p">FD5415</subfield>
    <subfield code="r">2015-02-09 00:00:00</subfield>
    <subfield code="w">2013-02-05</subfield>
    <subfield code="y">BK</subfield>
    <subfield code="k">1023</subfield>
  </datafield>
  <datafield tag="999" ind1=" " ind2=" ">
    <subfield code="c">4078</subfield>
    <subfield code="d">4078</subfield>
  </datafield>
</record>
